00883nam a2200289 i 450000100060000000300090000600500170001500700030003200800410003502000180007604000220009408000180011608000120013408000220014610000280016824500760019625000120027226000360028430000320032049000290035250400320038165000500041365100480046365100200051183000290053185200330056066978ES-MaACL20250830232242.0t|031211s2003 sp ||||0| spa d a84-8310-895-X aM-BN bspa cM-BN a94(567)"2003" a327(73) a94(567)"1921/..."1 aMartín Muñoz, Gema.10aIraq b: un fracaso de Occidente (1920-2003) / cGema Martín Muñoz. a1ª ed. aBarcelona : bTusquets, c2003. a323 p. : bmapas ; c23 cm.1 aTiempo de memoria ; v29 aBibliografía: p. 319-323. 4aGuerra de Irak, 2003-xCausas y antecedentes. 4aEstados Unidos-xPolítica exterior-yS.XX 4aIrak-xHistoria0 aTiempo de memoria ; v29 aES-MaACLjL-27488 bR.133293